[Event "British Rapidplay"]
[Site "Peterborough"]
[Date "2024.03.03"]
[Round "11"]
[White "Sasikumar, Srivathsan"]
[Black "Siu, Kam Wa"]
[Result "1-0"]
[WhiteElo "1881"]
[BlackElo "1825"]
[PlyCount "125"]
[EventDate "2024.03.02"]
[EventType "swiss (rapid)"]
[EventRounds "11"]
[EventCountry "ENG"]
[SourceTitle "CB10_2024"]
[SourceDate "2024.03.06"]
[SourceVersion "1"]
[SourceVersionDate "2024.03.06"]
[SourceQuality "1"]

1. e4 c5 2. a3 g6 3. Nc3 Bg7 4. Nf3 Nc6 5. Bc4 e6 6. 0-0 Nge7 7. Re1 0-0 8. d3 d5 9. exd5 exd5 10. Ba2 a6 11. Bg5 Qd6 12. Qd2 Bg4 13. Bf4 Qd7 14. Ne5 Nxe5 15. Bxe5 Be6 16. Qf4 Nc6 17. Bd6 Rfd8 18. Bxc5 Rac8 19. Na4 Qc7 20. Qxc7 Rxc7 21. Bb6 Rdc8 22. Bxc7 Rxc7 23. Nc5 Nd4 24. Nxe6 fxe6 25. Rac1 Bh6 26. Rb1 Rxc2 27. Kf1 Kf7 28. g3 Nf3 29. Re2 Nxh2+ 30. Ke1 Nf3+ 31. Kd1 Rc6 32. Rc2 Rb6 33. Rc7+ Kf6 34. b4 Ne5 35. Ke2 Bg7 36. f4 Nc6 37. g4 h6 38. g5+ hxg5 39. fxg5+ Kxg5 40. Rxg7 Nd4+ 41. Kf2 Rc6 42. Bb3 Rc3 43. Rg1+ Kf5 44. Bd1 Rxd3 45. R7xg6 Ke5 46. Re1+ Kd6 47. Bg4 Rxa3 48. Bxe6 Kc6 49. Bf7+ Kb5 50. Bxd5 Kxb4 51. Bxb7 Ra2+ 52. Kf1 a5 53. Re4 Ra1+ 54. Kf2 Ra2+ 55. Ke3 Re2+ 56. Kxd4 Rxe4+ 57. Bxe4 a4 58. Rb6+ Ka3 59. Bc6 Ka2 60. Bxa4 Ka1 61. Kc3 Ka2 62. Bb3+ Ka1 63. Ra6+ 1-0

[Event "British Rapidplay"]
[Site "Peterborough"]
[Date "2024.03.02"]
[Round "1"]
[White "Hryshchenko, Kamila"]
[Black "Siu, Kam Wa"]
[Result "1-0"]
[WhiteElo "2186"]
[BlackElo "1825"]
[PlyCount "83"]
[EventDate "2024.03.02"]
[EventType "swiss (rapid)"]
[EventRounds "11"]
[EventCountry "ENG"]
[SourceTitle "CB10_2024"]
[SourceDate "2024.03.06"]
[SourceVersion "1"]
[SourceVersionDate "2024.03.06"]
[SourceQuality "1"]

1. e4 c5 2. Nf3 g6 3. d3 Bg7 4. g3 Nc6 5. Bg2 e6 6. 0-0 d5 7. Nbd2 Nge7 8. Ng5 0-0 9. Kh1 h6 10. Nh3 b6 11. f4 Bb7 12. Nf2 Rc8 13. c3 Qd7 14. e5 a6 15. Ng4 Kh8 16. Nf3 Qd8 17. Nh4 Nf5 18. Nxf5 exf5 19. Ne3 Ne7 20. d4 cxd4 21. Qxd4 f6 22. exf6 Bxf6 23. Qd3 Qd7 24. Nc2 Rfd8 25. Be3 b5 26. Rad1 d4 27. Bxd4 Bxg2+ 28. Kxg2 Kg8 29. Qf3 Bxd4 30. Nxd4 Qa7 31. Rfe1 Kf7 32. Re5 Qb6 33. Rde1 Rd7 34. Re6 Qc7 35. Rxa6 b4 36. Qe2 bxc3 37. bxc3 Qxc3 38. Qe6+ Kf8 39. Qf6+ Kg8 40. Rxe7 Qxd4 41. Qxg6+ Kf8 42. Qf7# 1-0

[Event "Harrogate 4NCL op-B 31st"]
[Site "Harrogate"]
[Date "2024.01.20"]
[Round "2"]
[White "Siu, Kam Wa"]
[Black "Tarbuck, Laurence JM"]
[Result "1/2-1/2"]
[WhiteElo "1795"]
[BlackElo "1708"]
[PlyCount "38"]
[EventDate "2024.01.19"]
[EventType "swiss"]
[EventRounds "5"]
[EventCountry "ENG"]
[SourceTitle "CB06_2024"]
[SourceDate "2024.02.07"]
[SourceVersion "1"]
[SourceVersionDate "2024.02.07"]
[SourceQuality "1"]

1. e4 c6 2. d4 d5 3. f3 e6 4. Nc3 Bb4 5. e5 c5 6. a3 Bxc3+ 7. bxc3 c4 8. f4 Ne7 9. Nf3 Qa5 10. Bd2 b5 11. g4 h5 12. gxh5 Rxh5 13. Ng5 Rh4 14. Be2 Nbc6 15. 0-0 Nf5 16. Bg4 Nce7 17. Bxf5 Nxf5 18. Rf2 Bd7 19. Rg2 Qd8 1/2-1/2

[Event "Hull 4NCL op-B"]
[Site "Hull"]
[Date "2023.09.10"]
[Round "4"]
[White "Siu, Kam Wa"]
[Black "Royle, Alex"]
[Result "1/2-1/2"]
[WhiteElo "1674"]
[BlackElo "1770"]
[PlyCount "139"]
[EventDate "2023.09.08"]
[EventType "swiss"]
[EventRounds "5"]
[EventCountry "ENG"]
[SourceTitle "EXT 2024"]
[Source "ChessBase"]
[SourceDate "2023.10.10"]
[SourceVersion "1"]
[SourceVersionDate "2023.10.10"]
[SourceQuality "1"]

1. e4 e5 2. Nf3 Nc6 3. d4 exd4 4. Bc4 Nf6 5. 0-0 Nxe4 6. Re1 d5 7. Bxd5 Qxd5 8. Nc3 Qa5 9. Nxe4 Be6 10. Neg5 0-0-0 11. Nxe6 fxe6 12. Rxe6 Bd6 13. Bg5 Rde8 14. Qe2 Kd7 15. Rxe8 Rxe8 16. Qd3 g6 17. Bd2 Qc5 18. c3 dxc3 19. Bxc3 Kc8 20. a3 a6 21. Re1 Rxe1+ 22. Nxe1 Kb8 23. Nf3 Qh5 24. g3 Ne7 25. Kg2 Qg4 26. Be5 Nc8 27. Qd4 Qf5 28. Bxd6 cxd6 29. Nd2 Kc7 30. Nc4 Qf7 31. h4 Qd7 32. Ne3 Ne7 33. f3 Qe6 34. Kf2 Qb3 35. g4 Qe6 36. Qc3+ Kb8 37. Qh8+ Qg8 38. Qxg8+ Nxg8 39. Nd5 Kc8 40. Ke3 Kd7 41. Kd4 h6 42. f4 Ne7 43. Nxe7 Kxe7 44. Kd5 b5 45. b3 h5 46. gxh5 gxh5 47. a4 bxa4 48. bxa4 a5 49. Kc6 Ke6 50. Kb5 Kf5 51. Kxa5 d5 52. Kb4 d4 53. Kc4 Ke4 54. a5 d3 55. a6 d2 56. a7 d1Q 57. a8Q+ Kxf4 58. Qg2 Qg4 59. Qf2+ Ke5+ 60. Kc3 Ke4 61. Kc4 Qc8+ 62. Kb5 Qf5+ 63. Qc5 Kf4 64. Qxf5+ Kxf5 65. Kc4 Kg4 66. Kd3 Kf3 67. Kd2 Kf2 68. Kd3 Kg3 69. Ke2 Kxh4 70. Kf2 1/2-1/2

[Event "Harrogate 4NCL op-B 29th"]
[Site "Harrogate"]
[Date "2023.01.22"]
[Round "4"]
[White "Siu, Kam Wa"]
[Black "McDonnell, James J"]
[Result "0-1"]
[WhiteElo "1701"]
[BlackElo "1902"]
[PlyCount "66"]
[EventDate "2023.01.20"]
[EventType "swiss"]
[EventRounds "5"]
[EventCountry "ENG"]
[SourceTitle "CBM 212 Extra"]
[Source "ChessBase"]
[SourceDate "2023.03.31"]
[SourceVersion "1"]
[SourceVersionDate "2023.03.31"]
[SourceQuality "1"]

1. e4 c5 2. c3 Nf6 3. e5 Nd5 4. d4 cxd4 5. cxd4 d6 6. Nf3 e6 7. Nc3 Nxc3 8. bxc3 Be7 9. Rb1 0-0 10. Bd3 Nc6 11. Qc2 h6 12. 0-0 b6 13. Ba3 Bb7 14. Be4 Rc8 15. d5 exd5 16. Bf5 Rc7 17. e6 Kh8 18. exf7 Rxf7 19. Be6 Rxf3 20. gxf3 Nd4 21. Qd3 Nxe6 22. Rfe1 Ng5 23. f4 Ne4 24. Bb2 Bf6 25. Rbc1 Qc8 26. Re3 Ba6 27. Qd1 Bh4 28. Rc2 Qf5 29. Bc1 Qg6+ 30. Kh1 Nxf2+ 31. Rxf2 Bxf2 32. Rf3 Qe4 33. Kg2 Be2 0-1